LIBRARY & INFORMATION CENTRE, KCAET, TAVANUR

ONLINE PUBLIC ACCESS CATALOGUE (OPAC)

Hydraulics and irrigation engineering / (Record no. 3247)

MARC details
000 -LEADER
fixed length control field 00558cam a2200229ua 4500
041 ## - LANGUAGE CODE
Language code of text/sound track or separate title eng
082 ## - DEWEY DECIMAL CLASSIFICATION NUMBER
Classification number 627.52
Item number PAL/HY
100 ## - MAIN ENTRY--AUTHOR NAME
Personal name Palaniappan , T K .
245 ## - TITLE STATEMENT
Title Hydraulics and irrigation engineering /
250 ## - EDITION STATEMENT
Edition statement 3 /
260 ## - PUBLICATION, DISTRIBUTION, ETC. (IMPRINT)
Place of publication :
Name of publisher Pratheeba ,
Year of publication 1992.
300 ## - PHYSICAL DESCRIPTION
Number of Pages 101 ; .
500 ## - GENERAL NOTE
General note *CSS
700 1# - ADDED ENTRY--PERSONAL NAME
Personal name Marimuthu, V M .
942 ## - ADDED ENTRY ELEMENTS (KOHA)
Koha item type Books
Holdings
Withdrawn status Lost status Damaged status Home library Current library Shelving location Date acquired Full call number Accession Number Koha item type
      KAUAET KAUAET Scheme 12/09/2018 627.52 PAL/HY 17905 Book Bank scheme for SC students
      KAUAET KAUAET Scheme 13/09/2018 627.52 PAL/HY 19141 Book Bank scheme for SC students
      KAUAET KAUAET Scheme 13/09/2018 627.52 PAL/HY 19142 Book Bank scheme for SC students
      KAUAET KAUAET Scheme 13/09/2018 627.52 PAL/HY 17904 Book Bank scheme for SC students
free website counter